00438nam a2200169Ia 4500003000400000005001700004008004100021040000700062041000800069082002100077100003000098245004100128260004000169365001300209650001500222650003100237OSt20230602113052.0210423s2004 xx 000 0 und d cAL aeng a361.4 223bGARH aGARVIN (Charles D);others aHand book of social work with groups aBangalorebRawat Publicationsc2004 b995cINR aGroup Work aSocial Problems & Services